00823cam a22002537a 4500003000500000005001700005008004100022010001000063011001000073020001500083035001000098040000900108082002500117110005700142245016600199260002400365300003100389410000800420490002200428650004200450650004700492810000800539830002200547CHAP20220817043741.0010126d1997 it a rn 00110 eng d a83363 a84335 a9252038264 a94855 cCHAP04a639.21822bF37f v.66 aFAO. General Fisheries Council for the Mediterranean10aQuestions concernant les ressources et l'environnement dans la gestion des pecheries mediterranéennesc/par Conseil General des Peches pour la Méditerranée aRome :bFAO,c1997. a144 p. :bilus. ; gráfs. aFAO 0aGFCM reportv; 6614aPesqueríazRegión Mediterránea.14aRecursos marinosxRegión mediterránea.0 aFAO00aGFCM reportv; 66